书目信息 |
| 题名: |
PC多媒体
|
|
| 作者: | 杨晖军 | |
| 分册: | ||
| 出版信息: | 中国建材工 中国建材工业出版社 1998.11 |
|
| 页数: | 248页 | |
| 开本: | ||
| 丛书名: | ||
| 单 册: | ||
| 中图分类: | TP37 | |
| 科图分类: | ||
| 主题词: | 计算技术 , 电子计算机 | |
| 电子资源: | ||
| ISBN: | ||
| 000 | 00507nam0 2200205 45 | |
| 001 | 0308271084 | |
| 005 | 20030827105728.7 | |
| 010 | @d798.00元 | |
| 100 | @a20030827d1998 km y0chiy0120 ea | |
| 101 | @achi | |
| 105 | @a z 000yy | |
| 200 | 1 | @aPC多媒体@APC duo mei ti@f杨晖军@Fyang hui jun |
| 210 | @a中国建材工@c中国建材工业出版社@d1998.11 | |
| 215 | @a248页 | |
| 606 | 0 | @a计算技术 |
| 606 | 0 | @a电子计算机 |
| 690 | @aTP37@v3 | |
| 701 | 0 | @a杨晖军 |
| 801 | @aCN@b@c20030827 | |
| 905 | @aBZT@dTP37@e1 | |
| PC多媒体/杨晖军.-中国建材工:中国建材工业出版社,1998.11 |
| 248页 |
| ISBN :798.00元 |
| ● |
| 相关链接 |
|
|
|
正题名:PC多媒体
索取号:TP37/1
 
预约/预借
| 序号 | 登录号 | 条形码 | 馆藏地/架位号 | 状态 | 备注 |